Music Quiz

Random Music or Classical Quiz
Score 0/30 Timer 06:00
5 Plays Today
Hint Answer % Correct
The Famous '3 Bs' (Composers)Beethoven
97.3%
The Famous '3 Bs' (Composers)(J.S.) Bach
96.9%
Types of Instruments in a String QuartetViolin (I & II)
96%
Types of Instruments in a String QuartetCello
93.2%
Types of Instruments in a String QuartetViola
92.4%
The Famous '3 Bs' (Composers)Brahms
80.6%
3 Sharps in Key Signature A Major (eg. X# or X sharp)F#
75.2%
3 Sharps in Key Signature A Major (eg. X# or X sharp)C#
75.1%
3 Sharps in Key Signature A Major (eg. X# or X sharp)G#
74.5%
First 3 Instruments to play the Melody in Ravel's 'Bolero'Flute
65.4%
Famous Three TenorsLuciano Pavarotti
64.4%
First 3 Instruments to play the Melody in Ravel's 'Bolero'Clarinet
61.5%
Famous Three TenorsPlácido Domingo
48.5%
First 3 Instruments to play the Melody in Ravel's 'Bolero'Bassoon
42.9%
Verdi Operas based on Shakespeare PlaysOtello
42.1%
Hint Answer % Correct
Sections of Sonata Form Exposition
39.5%
Famous Three TenorsJosé Carreras
38.9%
Sections of Sonata Form Recapitulation
37.6%
Sections of Sonata Form Development
37.3%
3 Names (First/Middle) of J.S. Bach's 5th ChildCarl
33.5%
3 Names (First/Middle) of J.S. Bach's 5th ChildEmanuel
32.7%
3 Names (First/Middle) of J.S. Bach's 5th ChildPhilipp
32.2%
Verdi Operas based on Shakespeare PlaysMacbeth
31.2%
Nicknames of Mendelssohn (non-cantata) symphonies'Italian'
28.1%
Nicknames of Mendelssohn (non-cantata) symphonies'Scottish'
25.3%
Composers featured in Balanchine ballet 'Jewels'Tchaikovsky
20.7%
Composers featured in Balanchine ballet 'Jewels'Stravinsky
15.7%
Verdi Operas based on Shakespeare PlaysFalstaff
15%
Nicknames of Mendelssohn (non-cantata) symphonies'Reformation'
13.2%
Composers featured in Balanchine ballet 'Jewels'Fauré
5.8%
Remove Ads.
Support Sporcle.
Get the best of Sporcle when you Go Orange. This ad-free experience offers more features, more stats, and more fun while also helping to support Sporcle. Thank you for becoming a member.

You're not logged in!

Compare scores with friends on all Sporcle quizzes.
OR
Log In

Sporcle TV

Today on Sporcle TV


Watch our educational content, quiz creation guides, and fun videos on Sporcle TV.

Show Comments

Extras

Top Quizzes Today


Score Distribution

Paid Content

Your Account Isn't Verified!

In order to create a playlist on Sporcle, you need to verify the email address you used during registration. Go to your Sporcle Settings to finish the process.

Report this User

Report this user for behavior that violates our Community Guidelines.

Details: